| LEADER 00000nam a2200000Ia 4500 |
| 001 13399123271 |
| 003 BCNR |
| 008 110815s2553 th a 000 0 tha d |
| 020 ^a9786161400477
|
| 060 04 ^aWB369^bส996ต 2553
|
| 100 0 ^aไสว มาลยเวช
|
| 245 10 ^aตำราแทงเข็ม-รมยา และสรุปบทเรียนจากประสบการณ์ของหมอไสว มาลยเวช/^cหมอไสว มาลยเวช (ไพศาล มาลาพันธุ์), รวบรวมและเรียบเรียง ;บรรณาธิการ, นาถยา กัลโยธิน
|
| 250 ^aพิมพ์ครั้งที่ 2
|
| 260 ^aกรุงเทพฯ :^bสุขภาพใจ,^c2553
|
| 300 ^a352 หน้า :^bภาพประกอบ ;^c27 ซม.
|
| 650 4 ^aการฝังเข็ม^xการใช้รักษา
|
| 650 4 ^aวิสัญญีวิทยา
|
| 650 4 ^aระงับความรู้สึก
|
| 700 0 ^aนาถยา กัลโยธิน,^eบรรณาธิการ
|
| 999 ^aบรรณารักษ์
|